00265nam a2200121Ia 4500100002000000250000600020654001100026245004100037260002700078082001800105300000800123546001200131 aAmbardar/Ashok  a2 aanalog aAnalog and digital Signal Processing bThomsan Learningc1999 a621.3822bAMB a807 aENGLISH